000 00418nam a22001457a 4500
082 _a297
_bBAD
_cD
100 _aBadsha Muhammad Ali.
_937208
245 _aThe precious privilege
_cMuhammad Ali Badshaha
260 _aRawalpindi.
_bMoazzmi printers.
300 _a183 p. ;
_bill.
526 _a0
_b0
_c0
_d297_000000000000000_BAD
526 _a0
_b0
_c0
_d297_000000000000000_BAD
650 _aMCE
_9379
942 _2ddc
_cBK
999 _c542100
_d542100